<?xml version="1.0" encoding="UTF-8"?>
<collection xmlns="http://www.loc.gov/MARC21/slim">
 <record>
  <leader>02855nam a2200409 a 4500</leader>
  <controlfield tag="001">TVCDKTCT6321</controlfield>
  <controlfield tag="003">Thư viện trường Cao đẳng Kỹ thuật Cao Thắng</controlfield>
  <controlfield tag="005">20170523133026.7</controlfield>
  <controlfield tag="008">070105</controlfield>
  <datafield tag="980" ind1="\" ind2="\">
   <subfield code="a">Thư viện Trường CĐ Kỹ Thuật Cao Thắng</subfield>
  </datafield>
  <datafield tag="024" ind1=" " ind2=" ">
   <subfield code="a">RG_1 #1 eb0 i1 i5</subfield>
  </datafield>
  <datafield tag="041" ind1="0" ind2="#">
   <subfield code="a">vie</subfield>
  </datafield>
  <datafield tag="082" ind1="#" ind2="#">
   <subfield code="a">004 / </subfield>
   <subfield code="b">T311H-b</subfield>
  </datafield>
  <datafield tag="100" ind1="1" ind2="#">
   <subfield code="a">Bành Tiến Long</subfield>
  </datafield>
  <datafield tag="245" ind1="0" ind2="0">
   <subfield code="a">Tin học kỹ thuật ứng dụng / </subfield>
   <subfield code="c">Bành Tiến Long, ...[et al.]</subfield>
  </datafield>
  <datafield tag="260" ind1="#" ind2="#">
   <subfield code="a">H. : </subfield>
   <subfield code="b">Khoa học và Kỹ thuật , </subfield>
   <subfield code="c">2005</subfield>
  </datafield>
  <datafield tag="300" ind1="#" ind2="#">
   <subfield code="a">260tr. ; </subfield>
   <subfield code="c">24cm</subfield>
  </datafield>
  <datafield tag="520" ind1="#" ind2="#">
   <subfield code="a">- Phần mềm CAD/RAM tích hợp CIMATRON dùng trong thiết kế và gia cong khuôn mẫu trên máy CNC</subfield>
  </datafield>
  <datafield tag="520" ind1="#" ind2="#">
   <subfield code="a">- Phần mềm công nghệ CAE - Moldex dùng trong công nghệ ép phun chất dẻo và đúc áp lực</subfield>
  </datafield>
  <datafield tag="520" ind1="#" ind2="#">
   <subfield code="a">- Phần mềm MatLab dùng trong các bài toán xử lý số liệu và mô phỏng các hệ thống</subfield>
  </datafield>
  <datafield tag="520" ind1="#" ind2="#">
   <subfield code="a">Cuốn sách gồm có 3 phần :</subfield>
  </datafield>
  <datafield tag="520" ind1="#" ind2="#">
   <subfield code="a">Cuốn sách này được biên soạn làm giáo trình cho môn học &quot; Tin học kỹ thuật úng dụng &quot; dùng cho sinh viên cơ khí trường Đại học Bách khoa Hà Nội. Trình bày các kiến thức cơ bản để người đọc biết cách tư duy ứng dụng công nghệ thông tin của một kỹ sư cơ khí cũng như khai thác ứng dụng và phát triển các hệ thống phần mềm, phần cứng. Bên cạnh đó cuốn sách còn cung cấp những thông tin mới nhất hiện nay.</subfield>
  </datafield>
  <datafield tag="520" ind1="#" ind2="#">
   <subfield code="a">Giới thiệu các tính năng chủ yếu và ứng dụng của các phần mềm sau</subfield>
  </datafield>
  <datafield tag="520" ind1="#" ind2="#">
   <subfield code="a">Phần I : Công nghệ thông tin trong nền sản xuất tiên tiến</subfield>
  </datafield>
  <datafield tag="520" ind1="#" ind2="#">
   <subfield code="a">Phần II : Công nghệ CAD/CAM</subfield>
  </datafield>
  <datafield tag="520" ind1="#" ind2="#">
   <subfield code="a">Phần III : Một số phần mềm ứng dụng</subfield>
  </datafield>
  <datafield tag="520" ind1="#" ind2="#">
   <subfield code="a">Trình bày các khái niệm, kiến thức cơ bản về một hệ CAD/CAM, phương pháp ứng dụng và đánh giá các hệ CAD/CAM...</subfield>
  </datafield>
  <datafield tag="520" ind1="#" ind2="#">
   <subfield code="a">Trình bày mang tính tổng quan về các hệ thống sản xuất tiên tiến như CMM, RP, FMS, CIM... Và vai trò của công nghệ thông tin trong các hệ thống này</subfield>
  </datafield>
  <datafield tag="650" ind1="#" ind2="4">
   <subfield code="a">Kỹ thuật ứng dụng</subfield>
  </datafield>
  <datafield tag="650" ind1="#" ind2="4">
   <subfield code="a">Tin học</subfield>
  </datafield>
  <datafield tag="700" ind1="0" ind2="#">
   <subfield code="a">Bùi Ngọc Tuyến</subfield>
  </datafield>
  <datafield tag="700" ind1="0" ind2="#">
   <subfield code="a">Hoàng Vĩnh Sinh</subfield>
  </datafield>
  <datafield tag="700" ind1="0" ind2="#">
   <subfield code="a">Trần Văn Nghĩa</subfield>
  </datafield>
  <datafield tag="700" ind1="0" ind2="#">
   <subfield code="a">Trần Xuân Thái</subfield>
  </datafield>
  <datafield tag="721" ind1="#" ind2="#">
   <subfield code="a">Công nghệ thông tin</subfield>
  </datafield>
  <datafield tag="841" ind1="#" ind2="#">
   <subfield code="b">Kho Sách </subfield>
   <subfield code="j">100019623, 100019624, 100019625</subfield>
  </datafield>
  <datafield tag="841" ind1="#" ind2="#">
   <subfield code="b">Kho Tra Cứu </subfield>
   <subfield code="j">500002083, 500002147</subfield>
  </datafield>
 </record>
</collection>
